000 00637nam a2200277Ia 4500
005 20260401122441.0
008 008 250103s9999 xx 000 0 eng d
020 _a9788125045106
037 _aTB
040 _aEDL
040 _beng
040 _cEDL
041 _2eng
041 _aeng
084 _a305.5680954 SIN
084 _qEDL
245 0 _aSurvival and Other Stories: Bangla Dalit Fiction in Translation
260 _aDelhi
260 _bOrient BlackSwan
260 _c2012
300 _a180p
942 _cTB
942 _h305.5680954 SIN
999 _c1847361
_d1847361